Ponencias /
Сохранить в:
| Главный автор: | |
|---|---|
| Корпоративные авторы: | , |
| Формат: | Текст |
| Предметы: | |
| Метки: |
Добавить метку
Нет меток, Требуется 1-ая метка записи!
|
MARC
| LEADER | 00000 a a2200000 04500 | ||
|---|---|---|---|
| 001 | 29292 | ||
| 003 | |||
| 040 | |a CRAI/IIS |c CRAI/IIS | ||
| 090 | |a 191702 | ||
| 100 | |a Grimson, Alejandro | ||
| 110 | |a Instituto de Desarrollo Económico y Social | ||
| 245 | |a Ponencias / |c Instituto de Desarrollo Económico y Social | ||
| 650 | |a CRISIS ECONOMICA | ||
| 650 | |a DEMOCRACIA | ||
| 650 | |a URUGUAY | ||
| 710 | |a IDES |a CLACSO. Grupo de Trabajo Cultura y Poder | ||
| 999 | |c 6422 |d 6422 | ||
